A1/A2 Objectif Express :Le Monde Professionnel En Francais Cahier D' Activites (Record no. 901)

MARC details
005 - DATE AND TIME OF LATEST TRANSACTION
control field 20250318113354.0
020 ## - INTERNATIONAL STANDARD BOOK NUMBER
International Standard Book Number 2-011-55445-4
082 ## - DEWEY DECIMAL CLASSIFICATION NUMBER
Classification number 415 TAU
100 ## - MAIN ENTRY--PERSONAL NAME
Author name TAUZIN, B.
245 ## - TITLE STATEMENT
Title A1/A2 Objectif Express :Le Monde Professionnel En Francais Cahier D' Activites
260 ## - PUBLICATION, DISTRIBUTION, ETC.
Place of publication, distribution, etc. Paris
Name of publisher, distributor, etc. Hachette Livre,
Date of publication, distribution, etc. 2006.
300 ## - PHYSICAL DESCRIPTION
Extent 128p.: ill.; picture,
Other physical details index,
Dimensions 28cm.
700 ## - ADDED ENTRY--PERSONAL NAME
Other authors/Editors DUBOIS, A. L.
942 ## - ADDED ENTRY ELEMENTS (KOHA)
Source of classification or shelving scheme Dewey Decimal Classification
Koha item type Books
Holdings
Date last seen Total checkouts Full call number Barcode Cost, replacement price Price effective from Koha item type Lost status Source of classification or shelving scheme Damaged status Not for loan Withdrawn status Home library Current library Shelving location Date acquired Cost, normal purchase price
03/18/2025   415 TAU 0000003580 45000.00 03/18/2025 Books   Dewey Decimal Classification       College of Business Education Main Library College of Business Education Main Library General Collection 01/28/2010 15000.00
03/18/2025   415 TAU 0000003581 45000.00 03/18/2025 Books   Dewey Decimal Classification       College of Business Education Main Library College of Business Education Main Library General Collection 01/28/2010 15000.00
05/29/2025   415 TAU 0000008779 45000.00 05/29/2025 Books   Dewey Decimal Classification       College of Business Education Main Library College of Business Education Main Library Special Reserve Collection 01/28/2010 15000.00
05/29/2025   415 TAU 0000008780 45000.00 05/29/2025 Books   Dewey Decimal Classification       College of Business Education Main Library College of Business Education Main Library Special Reserve Collection 01/28/2010 15000.00
06/09/2025   415 TAU 00000011749 45000.00 06/09/2025 Books   Dewey Decimal Classification       College of Business Education Main Library College of Business Education Main Library General Collection 01/28/2010 15000.00